[Event "Ufa Startsev Memorial"]
[Site "Ufa"]
[Date "2024.02.06"]
[Round "1"]
[White "Dimitrov, Radoslav"]
[Black "Tarasov, Yaroslav"]
[Result "1-0"]
[WhiteElo "2486"]
[BlackElo "1906"]
[PlyCount "157"]
[EventDate "2024.02.06"]
[EventType "swiss"]
[EventRounds "9"]
[EventCountry "RUS"]
[SourceTitle "CB07_2024"]
[SourceDate "2024.02.14"]
[SourceVersion "1"]
[SourceVersionDate "2024.02.14"]
[SourceQuality "1"]

1. e4 c5 2. b3 d6 3. Bb2 Nc6 4. Bb5 Bd7 5. Ne2 a6 6. Bxc6 Bxc6 7. d3 e6 8. 0-0 Nf6 9. Nd2 Be7 10. f4 b5 11. f5 e5 12. c4 b4 13. Rf3 a5 14. a4 g5 15. Nf1 Qd7 16. Bc1 h6 17. Rh3 0-0-0 18. Neg3 Rdg8 19. Nh5 Nxh5 20. Rxh5 f6 21. g4 Qd8 22. Ng3 Be8 23. Be3 Kb7 24. Qf3 Kb6 25. Kf2 Bf7 26. Qg2 Qf8 27. Rh1 Kc7 28. Rd1 Qb8 29. Qh3 Bf8 30. Kf3 Qe8 31. Rh1 Kb6 32. Qg2 Be7 33. h4 Bxh5 34. Nxh5 Qf8 35. Rh2 Kc7 36. Qh1 Kb6 37. Bd2 Kc7 38. Ng3 Qg7 39. Kf2 Qf8 40. Nf1 Kd7 41. Ne3 Ke8 42. Nd5 Bd8 43. d4 cxd4 44. c5 dxc5 45. Qf1 Qd6 46. Qb5+ Kf7 47. Rh1 Be7 48. Qxa5 Ra8 49. Qb5 Rhb8 50. Qc4 Kg7 51. Ke1 Rb7 52. Qf1 Rbb8 53. hxg5 hxg5 54. Bxg5 Rh8 55. Bh4 Rh7 56. Kf2 Rah8 57. Kg3 Bd8 58. Qb5 Rf8 59. Bxf6+ Rxf6 60. Qb7+ Be7 61. Rxh7+ Kxh7 62. g5 Rf7 63. g6+ Kg7 64. gxf7 Bf8 65. f6+ Kg6 66. Qc8 Kxf7 67. a5 c4 68. a6 Qc5 69. Qd7+ Kg8 70. a7 d3 71. Ne7+ Kf7 72. Qd5+ Qxd5 73. Nxd5 d2 74. Ne3 Bc5 75. a8Q Bxe3 76. Qd8 c3 77. Kg4 Kg6 78. f7 Kxf7 79. Kf5 1-0

[Event "Satka Autumn"]
[Site "Satka"]
[Date "2023.09.04"]
[Round "7"]
[White "Pingin, Artem"]
[Black "Tarasov, Yaroslav"]
[Result "1-0"]
[WhiteElo "2412"]
[BlackElo "1914"]
[PlyCount "107"]
[EventDate "2023.08.29"]
[EventType "swiss"]
[EventRounds "9"]
[EventCountry "RUS"]
[SourceTitle "EXT 2024"]
[Source "ChessBase"]
[SourceDate "2023.10.10"]
[SourceVersion "1"]
[SourceVersionDate "2023.10.10"]
[SourceQuality "1"]

1. Nf3 d5 2. d4 e6 3. c4 a6 4. cxd5 exd5 5. Nc3 c6 6. Bf4 Nf6 7. e3 Nh5 8. Bg5 Be7 9. Bxe7 Qxe7 10. Qc2 0-0 11. Bd3 g6 12. 0-0 Ng7 13. Rfe1 Bf5 14. e4 dxe4 15. Bxe4 Qd8 16. Qb3 Ra7 17. d5 Bxe4 18. Nxe4 cxd5 19. Rad1 b5 20. Rxd5 Rd7 21. Rxd7 Nxd7 22. Qd5 Nh5 23. Qc6 Nb8 24. Qc3 Nd7 25. Rd1 Qe7 26. Ng3 Nhf6 27. h3 Qe6 28. Qa3 b4 29. Qa5 Rc8 30. b3 Qb6 31. Qg5 Rc2 32. Rd2 Rxd2 33. Qxd2 Kg7 34. Nd4 Qc5 35. Nc2 a5 36. Ne3 Qb5 37. Qc2 Qc5 38. Qb2 Qe5 39. Qe2 Qa1+ 40. Kh2 Qe5 41. Nc4 Qc5 42. Ne4 Nxe4 43. Qxe4 Nf6 44. Qe2 h5 45. g3 h4 46. gxh4 Qc6 47. Qe5 Qf3 48. Qd4 Qf5 49. Nd6 Qe6 50. h5 gxh5 51. Qf4 Qd5 52. Nf5+ Kf8 53. Qh6+ Ke8 54. Qxf6 1-0

[Event "Satka Autumn"]
[Site "Satka"]
[Date "2023.09.03"]
[Round "6"]
[White "Tarasov, Yaroslav"]
[Black "Salemgareev, Tagir"]
[Result "1/2-1/2"]
[WhiteElo "1914"]
[BlackElo "2465"]
[PlyCount "103"]
[EventDate "2023.08.29"]
[EventType "swiss"]
[EventRounds "9"]
[EventCountry "RUS"]
[SourceTitle "EXT 2024"]
[Source "ChessBase"]
[SourceDate "2023.10.10"]
[SourceVersion "1"]
[SourceVersionDate "2023.10.10"]
[SourceQuality "1"]

1. e4 Nf6 2. e5 Nd5 3. d4 d6 4. c4 Nb6 5. f4 dxe5 6. fxe5 Nc6 7. Be3 Bf5 8. Nc3 e6 9. Nf3 Be7 10. Be2 0-0 11. 0-0 f6 12. exf6 Bxf6 13. h3 Qd7 14. Qd2 Rad8 15. Rad1 Qf7 16. Qc1 Qg6 17. Kh1 Rd7 18. Bg1 Rfd8 19. c5 Nd5 20. Bb5 Rf7 21. Bh2 h6 22. Qd2 Qh7 23. Qe2 Rdf8 24. Bc4 Kh8 25. Nxd5 exd5 26. Bxd5 Rd7 27. Bxc6 bxc6 28. Ne5 Bxe5 29. Bxe5 Qg8 30. Qh5 Qh7 31. Rf4 Rdf7 32. Rdf1 Bg6 33. Qg4 Rxf4 34. Rxf4 Rxf4 35. Qxf4 Bf5 36. Bxc7 Qg6 37. Kh2 Be4 38. Qg3 Qxg3+ 39. Kxg3 g5 40. Kf2 Kg7 41. g3 Kf7 42. Ke3 Bg2 43. h4 gxh4 44. gxh4 h5 45. b4 Ke6 46. a4 a6 47. Kf2 Be4 48. Ke3 Bc2 49. a5 Kd5 50. Kd2 Bf5 51. Kc3 Bg6 52. Be5 1/2-1/2

[Event "Cheliabinsk Lozovatsky Memorial-A"]
[Site "Cheliabinsk"]
[Date "2023.02.02"]
[Round "7"]
[White "Tarasov, Yaroslav"]
[Black "Nurzhanov, Valikhan"]
[Result "0-1"]
[WhiteElo "2195"]
[BlackElo "2076"]
[PlyCount "68"]
[EventDate "2023.01.27"]
[EventType "swiss"]
[EventRounds "10"]
[EventCountry "RUS"]
[SourceTitle "CBM 212 Extra"]
[Source "ChessBase"]
[SourceDate "2023.03.31"]
[SourceVersion "1"]
[SourceVersionDate "2023.03.31"]
[SourceQuality "1"]

1. e4 c5 2. Nf3 e6 3. d4 cxd4 4. Nxd4 a6 5. Bd3 Nf6 6. Qe2 d6 7. 0-0 Qc7 8. c4 g6 9. b3 Bg7 10. Bb2 0-0 11. Nc3 Nc6 12. Nxc6 bxc6 13. f4 e5 14. c5 exf4 15. Rxf4 dxc5 16. Rff1 Ng4 17. g3 Bd4+ 18. Kh1 Ne3 19. Rf2 Bg4 20. Qd2 f5 21. Re1 fxe4 22. Rxf8+ Rxf8 23. Bxe4 Qf7 24. h3 Bf3+ 25. Kh2 Bxe4 26. Nxe4 Nf1+ 27. Rxf1 Qxf1 28. Bxd4 cxd4 29. h4 d3 30. Qb4 Rf2+ 31. Nxf2 Qxf2+ 32. Kh3 d2 33. Qc4+ Qf7 34. Qe2 Qd7+ 0-1

[Event "Cheliabinsk Lozovatsky Memorial-A"]
[Site "Cheliabinsk"]
[Date "2023.01.31"]
[Round "5"]
[White "Tarasov, Yaroslav"]
[Black "Kholin, Aleksandr1111"]
[Result "0-1"]
[WhiteElo "2195"]
[BlackElo "2350"]
[PlyCount "116"]
[EventDate "2023.01.27"]
[EventType "swiss"]
[EventRounds "10"]
[EventCountry "RUS"]
[SourceTitle "CBM 212 Extra"]
[Source "ChessBase"]
[SourceDate "2023.03.31"]
[SourceVersion "1"]
[SourceVersionDate "2023.03.31"]
[SourceQuality "1"]

1. e4 c5 2. Nf3 d6 3. d4 cxd4 4. Nxd4 Nf6 5. Nc3 a6 6. Nb3 g6 7. Be2 Bg7 8. Be3 Nc6 9. Nd5 0-0 10. f3 Nd7 11. c3 e6 12. Nf4 Nf6 13. Qd2 Qc7 14. 0-0 Rd8 15. c4 b6 16. Rac1 Ne5 17. Rfd1 Rd7 18. Qe1 Rb8 19. Qf2 Rd8 20. Nd4 Bd7 21. Bf1 Qb7 22. Nb3 Ba4 23. Nd3 Nfd7 24. Rd2 Nc5 25. Nd4 Nexd3 26. Bxd3 Nxd3 27. Rxd3 d5 28. Ra3 Be8 29. exd5 exd5 30. Rac3 Rbc8 31. c5 bxc5 32. Rxc5 Bf8 33. Rxc8 Rxc8 34. Rxc8 Qxc8 35. Bd2 Qc4 36. Qe3 Bd7 37. a3 Bc5 38. Bc3 Bb5 39. Qf2 Bxa3 40. h4 Bc5 41. h5 Qd3 42. hxg6 hxg6 43. f4 Bd7 44. Kh2 Qe4 45. b4 Bb6 46. Qd2 Bc7 47. g3 g5 48. Nb3 gxf4 49. Nc5 fxg3+ 50. Kg1 Qb1+ 51. Kg2 Bb5 52. Qg5+ Qg6 53. Qxg6+ fxg6 54. Ne6 Bd6 55. Kf3 Bd3 56. Bd2 Be4+ 57. Ke2 g2 58. Be3 Bh2 0-1

[Event "Cheliabinsk Panchenko Memorial op-A"]
[Site "Cheliabinsk"]
[Date "2022.09.17"]
[Round "6"]
[White "Khudyakov, Stanislav"]
[Black "Tarasov, Yaroslav"]
[Result "1-0"]
[WhiteElo "2239"]
[BlackElo "2001"]
[PlyCount "95"]
[EventDate "2022.09.12"]
[EventType "swiss"]
[EventRounds "10"]
[EventCountry "RUS"]
[SourceTitle "CBM 210 Extra"]
[Source "ChessBase"]
[SourceDate "2022.11.30"]
[SourceVersion "1"]
[SourceVersionDate "2022.11.30"]
[SourceQuality "1"]

1. d4 Nf6 2. c4 e6 3. Nf3 d5 4. g3 Bb4+ 5. Nbd2 0-0 6. Bg2 dxc4 7. Qc2 b5 8. a4 Nd5 9. axb5 c6 10. bxc6 Nxc6 11. 0-0 Na5 12. Nxc4 Nxc4 13. Qxc4 a5 14. Qc2 Ba6 15. Ne5 Rc8 16. Qd1 Qc7 17. Be4 Nf6 18. Bd3 Bb7 19. Bd2 Qb6 20. e3 Rfd8 21. Bxb4 Qxb4 22. Qa4 Ra8 23. Qxb4 axb4 24. Rfc1 Ne8 25. Bf1 Be4 26. Bg2 Bxg2 27. Kxg2 Rxa1 28. Rxa1 Rc8 29. Ra4 b3 30. Rb4 Nd6 31. Rxb3 f6 32. Nd3 Rc2 33. Kf3 Nc4 34. Rc3 Rd2 35. Rxc4 Rxd3 36. Rb4 Rd2 37. Rb7 h5 38. h4 Kh7 39. Re7 Rxb2 40. Rxe6 Kg6 41. Rc6 Kf7 42. Rc7+ Kg6 43. Rc1 Kf7 44. Re1 g5 45. hxg5 fxg5 46. Rc1 h4 47. gxh4 gxh4 48. Rh1 1-0

[Event "Urals-ch"]
[Site "Cheliabinsk"]
[Date "2022.03.23"]
[Round "8"]
[White "Savitskiy, Sergey"]
[Black "Tarasov, Yaroslav"]
[Result "1-0"]
[WhiteElo "2422"]
[BlackElo "1877"]
[PlyCount "165"]
[EventDate "2022.03.16"]
[EventType "swiss"]
[EventRounds "9"]
[EventCountry "RUS"]
[SourceTitle "CBM 207 Extra"]
[Source "ChessBase"]
[SourceDate "2022.05.31"]
[SourceVersion "1"]
[SourceVersionDate "2022.05.31"]
[SourceQuality "1"]

1. e4 c6 2. d4 d5 3. exd5 cxd5 4. Bd3 Nc6 5. c3 Nf6 6. h3 g6 7. Nf3 Bg7 8. 0-0 0-0 9. Na3 Bf5 10. Bxf5 gxf5 11. Nc2 e6 12. Nce1 Ne4 13. Nd3 Kh8 14. Bf4 Rc8 15. Qe2 Qf6 16. Qe3 Qg6 17. Kh2 Rg8 18. Rg1 Qh5 19. Nfe1 Rcd8 20. Qf3 Qxf3 21. Nxf3 Rge8 22. g4 fxg4 23. hxg4 f6 24. g5 Rf8 25. g6 hxg6 26. Rxg6 Rf7 27. Rag1 Ne7 28. R6g4 Bf8 29. Nh4 b6 30. f3 Nd6 31. Bxd6 Rxd6 32. Nf4 Bh6 33. Nfg6+ Nxg6 34. Nxg6+ Kh7 35. Rh4 Rg7 36. Nf8+ Kg8 37. Rxh6 Rxg1 38. Kxg1 Kxf8 39. Rxf6+ Kg7 40. Rf4 Rd8 41. Rh4 b5 42. Kf2 b4 43. cxb4 Rc8 44. Rh2 Rc4 45. a3 Rxd4 46. Ke3 Rc4 47. Kd3 Rf4 48. Rh3 a6 49. b3 e5 50. Ke2 d4 51. Rh5 d3+ 52. Kxd3 Rxf3+ 53. Kc4 e4 54. Re5 e3 55. Kd3 e2+ 56. Kxe2 Rxb3 57. Ra5 Kf6 58. Kd2 Ke6 59. Kc2 Rh3 60. Kb2 Kd6 61. Rxa6+ Kd5 62. Ra5+ Kc6 63. Rc5+ Kb6 64. Rc3 Rh4 65. Kb3 Kb5 66. a4+ Kb6 67. a5+ Kb5 68. Rc5+ Ka6 69. Rc6+ Kb7 70. Rg6 Rh3+ 71. Ka4 Rh4 72. a6+ Ka7 73. Ka5 Rh5+ 74. b5 Rf5 75. Rg7+ Kb8 76. Rd7 Ka8 77. Kb6 Rf6+ 78. Kc5 Rf5+ 79. Rd5 Rf1 80. Kc6 Kb8 81. Rd8+ Ka7 82. b6+ Kxa6 83. Ra8# 1-0

[Event "Urals-ch"]
[Site "Cheliabinsk"]
[Date "2022.03.21"]
[Round "6"]
[White "Kuzmin, Roman"]
[Black "Tarasov, Yaroslav"]
[Result "1/2-1/2"]
[WhiteElo "2355"]
[BlackElo "1877"]
[PlyCount "147"]
[EventDate "2022.03.16"]
[EventType "swiss"]
[EventRounds "9"]
[EventCountry "RUS"]
[SourceTitle "CBM 207 Extra"]
[Source "ChessBase"]
[SourceDate "2022.05.31"]
[SourceVersion "1"]
[SourceVersionDate "2022.05.31"]
[SourceQuality "1"]

1. e4 c5 2. Nf3 a6 3. c4 e6 4. Nc3 Qc7 5. b3 d6 6. d4 cxd4 7. Nxd4 Nf6 8. Bb2 Be7 9. Bd3 Nc6 10. Nc2 0-0 11. f4 Rb8 12. Qe2 Qb6 13. 0-0-0 Qa5 14. Kb1 Nd7 15. Qg4 Bf6 16. e5 dxe5 17. Ne4 Be7 18. f5 exf5 19. Qxf5 g6 20. Qh3 f5 21. Nc3 Nf6 22. Nd5 Be6 23. Nxe7+ Nxe7 24. Rhe1 Nc6 25. Qg3 f4 26. Qg5 e4 27. Qxa5 Nxa5 28. Bxf6 Rxf6 29. Bxe4 Bf5 30. Bxf5 Rxf5 31. Re7 Nc6 32. Rc7 Rf7 33. Rxf7 Kxf7 34. Rd7+ Kg8 35. Rc7 g5 36. h3 h5 37. Kc1 g4 38. hxg4 hxg4 39. Kd1 f3 40. gxf3 gxf3 41. Ke1 Re8+ 42. Kf1 Re2 43. Ne1 Rxa2 44. Nxf3 Rb2 45. Rxb7 Na5 46. Rb8+ Kf7 47. Ne5+ Ke6 48. Nd3 Rb1+ 49. Ke2 Nxc4 50. Ra8 Nd6 51. Rxa6 Kd5 52. b4 Nc4 53. Ra8 Nb2 54. Rd8+ Kc4 55. Rc8+ Kb5 56. Rb8+ Kc4 57. Ne5+ Kd5 58. Rb5+ Ke4 59. Kd2 Na4 60. Nd3 Kd4 61. Rb8 Rh1 62. Kc2 Nc3 63. Kb3 Rb1+ 64. Nb2 Nd5 65. Rd8 Ra1 66. Nd3 Rb1+ 67. Ka4 Kc4 68. Ne5+ Kd4 69. Nf3+ Kc3 70. Rc8+ Kd3 71. Ne5+ Ke4 72. Re8 Rxb4+ 73. Ka3 Rb1 74. Nc6+ 1/2-1/2